000 00837nam a2200265Ia 4500
003 OSt
005 20220925194035.0
006 a|||||r|||| 00| 0
007 ta
008 220923b |||||||| |||| 00| 0 eng d
020 _a0 521 46653 9
037 _cGeneral Book
040 _aRTL
_cRTL
_beng
041 _2eng
_aeng
082 _aY:5.252WA.N9, N7/TD
100 _aJeffery Roger
_9244926
245 0 _aPopulation, gender and politics
_b Demographic change in rural North India
260 _aCambridge
_bCambridge University Press
_c1997
300 _axvi,278p
_ccm.
490 _aContemporary South Asia; 3
500 _aBibliography: P 261-276
700 _a Jeffery Patricia
_9244925
942 _hY:5.252WA.N9, N7/TD
_cGB
_2CC
999 _c527989
_d527989